00341nam a2200133Ia 4500008004100000041000800041082001200049100001700061245003600078250001400114260003700128300003300165365000900198240624s9999 xx 000 0 und d aeng a658 BAR aBARROW COLIN aSTARTING A BUSINESS FOR DUMMIES a(3rd ed.) c2011aEnglandbJohn Wiley & Sons axviii, : 398 : p. : cm. ; 23 cb27